000 00476nam a2200205Ia 4500
003 0100
008 130303s9999 xx 000 0 und d
020 _a895050633
040 _cARRUPELIB
050 _aHQ767.P695 1981
100 _aPowell, John Joseph
245 _aAbortion, the silent holocaust
260 _aAllen, Tex
260 _bArgus Communications
260 _C1981
300 _a183p.
300 _b 18cm.
700 _aJohn Joseph Powell
942 0 0 _01
999 _c8637
_d8637